[Event "Groningen op"]
[Site "Groningen"]
[Date "1998.??.??"]
[Round "9"]
[White "Ernst, Sipke"]
[Black "Aagaard, Jacob"]
[Result "1/2-1/2"]
[WhiteElo "2420"]
[BlackElo "2420"]
[Annotator "Aagaard,J"]
[PlyCount "54"]
[EventDate "1998.12.??"]
[EventType "swiss"]
[EventRounds "11"]
[EventCountry "NED"]
[SourceTitle "EXT 2001"]
[Source "ChessBase"]
[SourceDate "2000.11.22"]
[SourceVersion "1"]
[SourceVersionDate "2000.11.22"]
[SourceQuality "1"]

1. Nf3 d5 2. d4 e6 3. c4 Nf6 4. g3 Be7 5. Bg2 O-O 6. O-O c6 7. b3 Nbd7 8. Qc2
b6 9. Rd1 Ba6 10. Nbd2 Rc8 11. e4 c5 12. exd5 exd5 13. Bb2 b5 $5 14. cxd5 (14.
b4 $5 cxb4 15. c5 $44) 14... Bb7 $1 (14... c4 $2 {As stated everywhere.} 15.
Ne5 $1 $146 Nxe5 16. dxe5 Nxd5 17. Nxc4 $18) 15. Ng5 h6 16. d6 Bxg2 17. dxe7
Qxe7 18. Kxg2 hxg5 19. Qd3 c4 $1 20. bxc4 $1 bxc4 21. Nxc4 Qb4 22. Rdc1 Rxc4
23. Qxc4 Qxb2 24. Rab1 Qd2 25. Rc2 Qa5 26. Rb5 Qe1 27. Qe2 Qa1 $1 $13 1/2-1/2

[Event "Pozarevac-ch op"]
[Site "Pozarevac"]
[Date "2016.12.24"]
[Round "2"]
[White "Atalik, Suat"]
[Black "Irizanin, Radoje"]
[Result "1-0"]
[WhiteElo "2533"]
[BlackElo "2320"]
[Annotator "Atalik,S"]
[PlyCount "79"]
[EventDate "2016.12.23"]
[EventType "swiss"]
[EventRounds "5"]
[EventCountry "SRB"]
[SourceTitle "CBM 177"]
[Source "ChessBase"]
[SourceDate "2017.03.16"]
[SourceVersion "1"]
[SourceVersionDate "2017.03.16"]
[SourceQuality "1"]

1. c4 e6 2. g3 d5 3. Bg2 c6 4. Qc2 Nf6 5. Nf3 Be7 6. O-O O-O 7. d4 b6 {Another
Catalan in the tournament but this time with White.} 8. b3 $5 Bb7 {There are
alternatives which are better than this regular move.} (8... Nbd7 $142 9. Nc3 (
9. Rd1 a5 (9... h6 10. Bb2 Bb7 11. Nc3 Qc7 12. e4 dxe4 13. Nxe4 c5 14. Nc3 cxd4
15. Nb5 Qb8 16. Qe2 a6 17. Nbxd4 $14) 10. Bf4 Ba6) 9... Ba6) 9. Nc3 Nbd7 10.
Bb2 $5 {I like to fianchetto my bishop, many people prefer Bf4 instead.} (10.
Rd1 $5 Rc8 11. e4) (10. e4 dxe4 11. Nxe4 c5) 10... Rc8 (10... Qc8 11. Rfd1 Ba6
12. e4 $5 (12. Nd2 b5 $1) 12... dxc4 13. e5 Nd5 $1 14. bxc4 Bxc4 15. Ne4 b5 16.
Neg5 g6 17. Ne4 $13) 11. e4 dxe4 ({Some tactical ideas are} 11... c5 12. exd5
exd5 13. Rfd1 dxc4 14. d5 $1) (11... Qc7 12. Rfe1 $1 Rfd8 13. Rad1 Qb8 14. Bh3
$5 (14. Ng5 $5 h6 15. Nh3)) 12. Nxe4 ({There is no need for} 12. Ng5 c5 13.
Ncxe4 Nxe4 14. Nxe4 cxd4 15. Bxd4 b5 16. Ng5 Bxg5 17. Bxb7 Rc7 18. Be4 g6 $132)
12... c5 13. Nxf6+ Bxf6 $6 {The other capture is more to the point.} (13...
Nxf6 $1 14. Rad1 cxd4 (14... Qc7 $2 15. d5 $1 exd5 16. Be5 Qd8 17. Ng5 g6 18.
Ba1 $1 $16) 15. Bxd4 Qc7 (15... Be4 16. Qe2 Qc7 17. Ne5 Bxg2 18. Kxg2 Rfd8 19.
Bb2 Ne8 $1 $132) 16. Ng5 (16. Be5 $2 Be4 $1) 16... h6 (16... Bxg2 17. Bxf6 g6)
17. Bxf6 hxg5 18. Bxe7 Qxe7 19. Bxb7 Qxb7 20. Qd2 Qe7 21. Qd7 Rc7 22. Qxe7 Rxe7
$14) 14. Ng5 $1 Bxg5 15. Bxb7 Rc7 16. Be4 $1 (16. dxc5 $6 Rxb7 17. c6 Rc7 18.
cxd7 Bf6 19. Rad1 Bxb2 20. Qxb2 Qe7 $1 21. Rd3 Rd8 22. Rfd1 Rcxd7 23. Rxd7 Rxd7
24. Rxd7 Qxd7 $11) (16. Bg2 $5) 16... f5 $2 (16... cxd4 $5 {Black needs to
play something special maybe even a pawn sac so as not to become worse
immediately.} 17. Bxd4 (17. Bxh7+ Kh8 18. Bxd4 e5 (18... Nf6) 19. Bc3 g6 20.
Bxg6 fxg6 21. Qxg6 Qf6 22. Qh5+ Qh6 23. Qe2 Kg8 $13) 17... Nf6 $1 (17... g6 18.
Rad1 Qe7 19. h4 Bf6 20. Be3 $16) 18. Bxf6 Bxf6 19. Bxh7+ Kh8 20. Rad1 Qe7 21.
Be4 g6 $44 {is what my opponent also suggested after the game.}) 17. Bg2 cxd4
18. Bxd4 e5 19. Bc3 (19. Bd5+ Kh8 20. Bc3 Nf6 21. Be6 $16) 19... e4 20. f3 e3 (
20... exf3 21. Rxf3 $18) 21. f4 Bf6 (21... Be7 22. Rfe1 Kh8 23. Rad1 $18) 22.
Rae1 Re8 23. Bd5+ Kh8 24. Rf3 e2 (24... Bxc3 25. Qxc3 Nf6 26. Rfxe3 $1 Rxe3 27.
Qxe3 $18) 25. Rxe2 Rxe2 (25... Bxc3 26. Rxe8+ Qxe8 27. Qxc3) 26. Qxe2 Bxc3 27.
Rxc3 Nf6 28. Re3 $18 {Now not only is White a pawn up but he is mounting an
attack as well.} g6 29. Re6 Kg7 30. Qe5 Rf7 31. Kg2 $6 (31. Rc6 $1 Rd7 32. h4
h5 33. Kg2 Qf8 34. b4 Qe7 35. Be6 $18 {keeps on dominating the board.}) 31...
Qf8 32. h3 Qa3 33. Qa1 $5 (33. g4 Qxa2+ 34. Kg3 Qxb3+ 35. Bf3 fxg4 36. hxg4 $18
) 33... h5 34. Kf3 (34. g4 $2 hxg4 35. hxg4 fxg4 36. Kg3 Qf8 $11) 34... Qf8 35.
Qe5 Kh7 36. Rc6 (36. Bc6 $5 Nd7 37. Bxd7 Rxd7 38. Re8 Qg7 39. Ke3 $18) 36...
Nxd5 (36... Nd7 37. Qd6 (37. Qe6 Rg7 38. g4 $18) 37... Qxd6 38. Rxd6 Re7 39. b4
$18) 37. cxd5 Qa3 $2 $138 {Exposing the 8th rank is not the best idea.} (37...
Re7 38. Re6 (38. Rc7 Rxc7 39. Qxc7+ Kh6 40. Ke3 (40. d6 $2 Qa8+ 41. Kf2 Qd5 42.
Ke3 Qe4+ 43. Kd2 Qd4+ 44. Kc2 Qf2+ 45. Kc3 Qxg3+ 46. Kc4 Qxf4+ 47. Kb5 Qe5+ 48.
Ka6 f4 $11) 40... Qe8+ 41. Qe5 $18) 38... Rxe6 39. dxe6 Qe7 40. Ke3 Kg8 41. Kd4
Qb4+ 42. Kd3 Qe7 43. Kc4 $18) 38. Qe8 (38. Rc8 Kh6 (38... Rg7 39. Qb8) 39. g4
$1 hxg4+ 40. hxg4 fxg4+ 41. Kxg4 $18) 38... Kg7 $2 {The position is beyond
repair} (38... Rg7 {so even the best defence loses.} 39. Rc8 Kh6 40. Qh8+ (40.
g4 hxg4+ 41. hxg4 fxg4+ 42. Kxg4 Qxa2 43. Rc3 Qg2+ 44. Rg3 Qxd5 45. Rh3+ $18)
40... Rh7 41. Qf6 Qe7 42. Qxe7 Rxe7 43. d6 Rd7 44. Rc6 $18) 39. Rc8 Qf8 40.
Qe5+ 1-0

[Event "Buenos Aires"]
[Site "Buenos Aires"]
[Date "1980.??.??"]
[Round "?"]
[White "Najdorf, Miguel"]
[Black "Larsen, Bent"]
[Result "0-1"]
[WhiteElo "2510"]
[BlackElo "2590"]
[Annotator "Chekhov,V"]
[PlyCount "116"]
[EventDate "1980.10.15"]
[EventType "tourn"]
[EventRounds "13"]
[EventCountry "ARG"]
[EventCategory "13"]
[SourceTitle "MCL"]
[Source "ChessBase"]
[SourceDate "1999.07.01"]
[SourceVersion "1"]
[SourceVersionDate "1999.07.01"]
[SourceQuality "1"]

1. Nf3 e6 2. c4 Nf6 3. g3 d5 4. Bg2 Be7 5. O-O O-O 6. d4 Nbd7 (6... dxc4 $5) 7.
Qc2 c6 8. Nbd2 b6 9. b3 Bb7 10. Bb2 a5 $6 (10... Rc8 $5 11. e4 c5 12. exd5 exd5
13. Rad1 $1 dxc4 14. Nxc4 Be4 (14... b5 15. d5 $5 bxc4 16. d6 $36) 15. Qd2 b5
16. Ne3 c4 17. bxc4 bxc4 18. d5 $14 {Skembris,S-Priehoda,V/Dortmund/1992/1:0 
(28) Inf 54/491/}) 11. a3 $6 (11. e4 $1 Rc8 12. Ng5 h6 13. Nh3 dxe4 14. Nxe4
Nxe4 15. Qxe4 Qc7 16. Nf4 $16 {Bertok,M-Matanovic,A/JUG/1951/}) 11... c5 $1 12.
cxd5 $6 (12. dxc5 $5 Nxc5 13. Rfd1 Rc8 14. Ng5 $1) 12... exd5 13. a4 (13. Rfd1
a4 14. bxa4 Bc6) 13... Rc8 14. Rac1 Ba6 15. Qd1 Re8 $36 16. Re1 Ne4 17. e3 cxd4
(17... Bf6 $6 18. Nxe4 dxe4 19. Nd2 cxd4 20. Rxc8 Bxc8 21. Bxd4) 18. Nxd4 Ndc5
19. Bf1 Bxf1 20. Rxf1 (20. Nxf1 $5) 20... Nd3 21. Rxc8 Qxc8 22. Ba1 Bg5 $1 23.
Nxe4 dxe4 24. Kg2 (24. Qh5 $5 Bf6 25. Qb5) 24... Bf6 25. Nb5 Re6 26. Bxf6 Rxf6
27. Nd4 g6 (27... Rxf2+ 28. Rxf2 Qh3+ 29. Kg1 Nxf2 30. Kxf2 Qxh2+ 31. Ke1 Qxg3+
32. Kd2 $13) 28. f3 exf3+ 29. Rxf3 Rxf3 30. Nxf3 Qf5 $17 31. Qa1 Qc5 (31... Qe4
$5) 32. Qd4 Qc2+ 33. Kh1 (33. Kh3 Qe2 34. Qd8+ Kg7 35. Qd4+ f6 36. Qd7+ Kh6)
33... Nf2+ (33... Qe2 34. Qd8+ Kg7 35. Qd4+ f6 36. Qd7+ Kh6 37. Qh3+) 34. Kg1
Ne4 35. Kh1 Qc6 36. Kg2 h6 37. h4 Qc2+ 38. Kh3 Nf2+ 39. Kg2 Ne4+ 40. Kh3 Qc8+
$6 (40... h5 $5 41. Qd8+ Kh7 42. Ng5+ Nxg5+ 43. Qxg5 Qxb3 $19) 41. g4 Qb7 42.
Kg2 $6 (42. Ne5 Nc5) 42... Nc5 43. Qc4 Qc6 $1 44. Kg3 Ne4+ 45. Kf4 Qxc4 46.
bxc4 Nc5 47. Ke5 Nxa4 48. Kd5 Nb2 $19 49. Nd4 (49. Nd2 a4 50. Kc6 a3 51. Kxb6
Nxc4+ $1) 49... Kf8 50. g5 h5 51. Nc2 Ke7 52. Na3 Kd7 53. Ke5 Nd3+ 54. Kf6 Ke8
55. e4 Kf8 56. Nb5 a4 57. Na3 (57. e5 Nf2 $1) 57... Nf4 58. Nb5 Ng2 0-1

[Event "Vienna op"]
[Site "Vienna"]
[Date "1996.??.??"]
[Round "1"]
[White "Lugovoi, Aleksei"]
[Black "Lendwai, Reinhard"]
[Result "1-0"]
[WhiteElo "2500"]
[BlackElo "2370"]
[Annotator "Chekhov,V"]
[PlyCount "83"]
[EventDate "1996.??.??"]
[EventType "swiss"]
[EventRounds "9"]
[EventCountry "AUT"]
[SourceTitle "CBM 053 Extra"]
[Source "ChessBase"]
[SourceDate "1996.09.01"]
[SourceVersion "1"]
[SourceVersionDate "1996.09.01"]
[SourceQuality "1"]

1. d4 d5 2. c4 c6 3. Nf3 e6 4. Nbd2 Nf6 (4... f5 $5) 5. g3 (5. e3 $5 c5 (5...
Nbd7 6. Bd3 Bd6 7. e4 dxe4 8. Nxe4 $14 {Kasparov,G-Computer Deep Blue/
Philadelphia/1996/0,5/50/}) 6. b3 Nc6 7. Bb2 cxd4 8. exd4 Be7 9. Rc1 O-O 10.
Bd3 Bd7 11. O-O $14 {Kasparov,G-Computer Deep Blue/Philadelphia/1996/1|0/43/})
5... Nbd7 6. Bg2 Be7 (6... Bd6 7. O-O O-O 8. Qc2 Re8 9. b3 e5 10. cxd5 cxd5 11.
dxe5 Nxe5 12. Bb2 $14 {Orsag,M-Haba,P/Turnov/1996/0|1/56/}) (6... b6 $5 7. O-O
Bb7 8. b3 Be7 9. Bb2 O-O 10. Rc1 c5 11. e3 dxc4 12. Nxc4 Rc8 13. Nce5 cxd4 14.
Qxd4 Nxe5 15. Nxe5 Qxd4 16. Bxd4 $10 {Ehlvest,J-Kasimdzhanov,R/Netherlands/
1996/1|0/50/}) 7. O-O b5 $5 (7... O-O 8. Qc2 b6 9. e4 dxe4 10. Nxe4 Bb7 11. Bf4
$14 {Murzin,L-Schlusnik,N/Budapest/1996/0|1/45/}) 8. b3 bxc4 9. bxc4 O-O 10.
Qc2 c5 11. cxd5 Nxd5 12. Nb3 cxd4 (12... Qb6 $6 13. Rb1 $36) 13. Nfxd4 Bb7 14.
Bd2 (14. Nc6 Bxc6 15. Qxc6 Bf6 16. Ba3 (16. Rb1 Rc8 17. Qa6 Nc3 18. Rb2 Qb6 $10
) 16... Rc8 17. Qa6 Bxa1 18. Bxf8 Bf6 19. Ba3 Qb6 $10) 14... Rc8 15. Qb2 Qb6 (
15... Bf6 $5) 16. Rab1 Bf6 17. e4 Nb4 18. Qa3 Nc2 (18... Bxd4 19. Bxb4 Rfe8 20.
Ba5 $18) 19. Nxc2 Rxc2 20. Na1 Rb2 21. Be3 Qa6 22. Qxa6 Bxa6 23. Rxb2 Bxb2 24.
Rb1 Bxa1 (24... Bf6 25. Bxa7 $16) 25. Rxa1 Bc4 26. Bf1 $1 (26. Bxa7 Ra8 27. Be3
Rxa2 28. Rc1 Ba6 $10) 26... Bxf1 27. Kxf1 Nb6 (27... a6 $5 28. Rd1 Nf6 29. f3
h6 30. Rd6 Ra8 31. Ke2 a5 32. a4 $16) 28. Rc1 Rc8 29. Rxc8+ Nxc8 30. Bc5 f5 31.
Ke2 Kf7 32. Kd3 Kf6 33. Kc4 a6 (33... fxe4 34. Kb5 Ke5 35. Kc6 $18) 34. Kb4
fxe4 35. Ka5 Ke5 36. Kxa6 Kd5 37. Kb7 $1 $18 Kxc5 38. Kxc8 Kb4 39. Kd7 Ka3 40.
Kxe6 Kxa2 41. Kf7 g5 42. Kg7 1-0

[Event "Interzonal-15"]
[Site "Manila"]
[Date "1990.??.??"]
[Round "1"]
[White "Lobron, Eric"]
[Black "Yudasin, Leonid"]
[Result "1/2-1/2"]
[WhiteElo "2535"]
[BlackElo "2615"]
[Annotator "ChessBase"]
[PlyCount "40"]
[EventDate "1990.06.29"]
[EventType "swiss"]
[EventRounds "13"]
[EventCountry "PHI"]
[SourceTitle "CBM 019"]
[Source "ChessBase"]
[SourceDate "1990.12.01"]
[SourceVersion "1"]
[SourceVersionDate "1990.12.01"]
[SourceQuality "1"]

1. d4 Nf6 2. Nf3 e6 3. c4 b6 4. g3 Ba6 5. Nbd2 Bb7 6. Bg2 Be7 7. O-O O-O 8. b3
d5 9. Bb2 Nbd7 10. Qc2 Rc8 $1 11. Rad1 c5 12. dxc5 bxc5 13. Ne5 (13. e4 $5 d4
14. e5 Ng4 15. Ng5 Bxg5 16. Bxb7 Bxd2 $5 17. Bxc8 Qxc8 18. Rxd2 Ndxe5 $44)
13... Nxe5 14. Bxe5 Qb6 15. cxd5 exd5 16. Bxf6 Bxf6 17. e4 Ba6 18. Rfe1 (18.
exd5 Bxf1 19. Kxf1 Bd4 20. Nc4 Qf6 {Yudasin,L}) 18... dxe4 19. Bxe4 g6 20. Nc4
Bxc4 1/2-1/2

[Event "DEN-ch"]
[Site "Denmark"]
[Date "1996.??.??"]
[Round "9"]
[White "Nielsen, Peter Heine"]
[Black "Danielsen, Henrik"]
[Result "1-0"]
[WhiteElo "2495"]
[BlackElo "2485"]
[Annotator "Ftacnik,L"]
[PlyCount "149"]
[EventDate "1996.??.??"]
[EventType "tourn"]
[EventRounds "9"]
[EventCountry "DEN"]
[EventCategory "9"]
[SourceTitle "CBM 053"]
[Source "ChessBase"]
[SourceDate "1996.08.01"]
[SourceVersion "1"]
[SourceVersionDate "1996.08.01"]
[SourceQuality "1"]

1. d4 {Cifuentes} Nf6 2. c4 e6 3. g3 d5 4. Nf3 Be7 5. Bg2 O-O 6. O-O Nbd7 7.
Qc2 c6 8. Rd1 b6 9. b3 Ba6 10. Nbd2 Rc8 11. e4 c5 (11... dxe4 {Cifuentes} 12.
Nxe4 Nxe4 13. Qxe4 b5 14. Qc2 bxc4 15. bxc4 Qa5 16. c5 $1 $14 (16. Bd2 Qa3 17.
Bf4 c5 $1 18. d5 exd5 19. cxd5 Bf6 20. Ng5 g6 21. Rab1 Ne5 22. Ne4 Bg7 23. Rb3
Qa5 24. Nd6 Rb8 25. Qe4 Rxb3 26. axb3 Qc3 $1 $13 {Cifuentes,R-Blanco,A /
Capablanca Memorial 1995})) 12. exd5 exd5 13. Bb2 (13. Qf5 g6 14. Qh3 h5 (14...
cxd4 {Cifuentes} 15. Nxd4 Ne5 16. N2f3 Neg4 17. cxd5 Qxd5 18. Bf4 $13) 15. Bb2
Rc7 16. Bh1 $1 (16. Re1 Bc8 17. Bh1 Ne5 18. Qf1 Nxf3+ $10) 16... Bb7 (16... Bc8
17. Qf1 $14) 17. Qf1 (17. Re1 Ng4 18. Rad1 Re8 19. Ne5 Ndxe5 (19... cxd4 20.
Nxg4 hxg4 21. Qxg4 $16) 20. dxe5 d4 21. Bxb7 Rxb7 22. Qg2 Rc7 23. h3 Nh6 24.
Ne4 Qc8 25. Bc1 Kh7 26. Bf4 {Cifuentes Parada,R-Sosonko,G/NLD-ch/1992/1/2-1/2 
(59)}) 17... dxc4 18. Qxc4 Qa8 19. Bg2 Bd5 20. Qe2 Re8 21. Nh4 cxd4 22. Qd3 Bc5
23. Bxd4 Bxg2 24. Nxg2 Ne5 25. Bxe5 Rxe5 26. Nc4 Rd5 27. Qf3 Rxd1+ 28. Qxd1 Ng4
{Goetz,R-Neunhoeffer,H/BL 9091/1991/1/2-1/2 (60)}) 13... cxd4 (13... b5 $5 14.
cxd5 c4 15. bxc4 bxc4 16. Ne5 $1 Nxd5 $5 17. Ne4 Nb4 (17... c3 $142 18. Nxc3
Nxc3 19. Bxc3 Nxe5 20. dxe5 Qc7 21. Qa4 $8 Qxc3 22. Qxa6 $14 {^-}) 18. Qc3 Nd3
$6 (18... Nd5 19. Qf3 $14) 19. Ba3 N7xe5 20. dxe5 Bxa3 21. Qxa3 $16 {Umanskaya,
I-Ilinsky,V/Russia/1995/1-0 (33)}) (13... Bb7 14. Qf5 g6 (14... dxc4 15. Nxc4
Qc7 (15... b5 16. Nce5 c4 17. bxc4 bxc4 18. Nxd7 Qxd7 19. Qxd7 Nxd7 20. Ne5
Bxg2 21. Nxd7 Bf3 22. Nxf8 Bxd1 23. Rxd1 Kxf8 24. Bc3 {Rotstein,A-Lputian,S/
Wijk op (02)/1993/1-0 (64)}) 16. d5 Bd6 17. Ng5 h6 18. Ne6 Qb8 19. Nxg7 Kxg7
20. Qxd7 Be5 21. Nxe5 Nxd7 22. Nxd7+ f6 23. Nxb8 {1-0 Kabatenski,A-Niessen,H/
Baden Baden op (05)/1993/}) 15. Qh3 h5 {1/2-1/2 Tal,M-Lputian,S/Manila izt (13)
/1990/}) (13... Re8 14. Qf5 g6 15. Qh3 b5 16. Ne5 bxc4 17. Nxd7 cxd4 18. Nxf6+
Bxf6 19. bxc4 dxc4 20. Ne4 Bg7 21. Bc1 Re5 22. Qh4 Qxh4 23. gxh4 Rce8 24. f3 f5
25. Ng3 c3 {0-1 Griego,D-Vaganian,R/Philadelphia World op/1994/ (37)}) (13...
dxc4 14. d5 (14. Nxc4 {Cifuentes} b5 15. Nce5 $16) 14... cxb3 15. axb3 Be2 16.
Re1 Bb5 17. Nh4 Re8 18. Rxa7 Bd6 19. Raa1 Ne5 20. Nc4 Nxc4 21. bxc4 Bd7 22. Nf3
h6 23. h3 Qc7 24. Qc3 Rxe1+ 25. Rxe1 Re8 {Cvitan,O-Godena,M/Geneve op (08)/
1996/1/2-1/2 (80)}) 14. Nxd4 b5 15. Qf5 bxc4 16. bxc4 Bxc4 (16... Qb6 17. Rab1
dxc4 18. Ba3 Bxa3 19. Rxb6 axb6 20. Nc6 Rfe8 21. Nb1 Bc5 22. Nc3 g6 23. Qb1 Ne5
24. Nb4 Nd3 25. Nxa6 Bxf2+ 26. Kh1 Bd4 27. Rf1 Bxc3 28. Qxb6 {1-0 Sosonko,
G-Radulov,I/Plovdiv/1983/ (36)}) (16... g6 $5 {Cifuentes} 17. Qg5 dxc4 $1 18.
Nc6 Rxc6 19. Bxc6 Qb6 20. Bxd7 Qxb2 21. Qe3 Qa3 $13) 17. Nxc4 Rxc4 18. Bxd5 g6
$146 (18... Nxd5 19. Qxd5 Nb6 20. Qxd8 Bxd8 (20... Rxd8 $2 {Cifuentes} 21. Nf5
Rxd1+ 22. Rxd1 Bf8 23. Rd8 $18) 21. Nf5 (21. Ba3 $5 {Cifuentes} Bf6 $8 (21...
Re8 22. Re1 $1 $18) 22. Bxf8 Kxf8 (22... Bxd4 23. Ba3 $18) 23. Nf5 $1 Rc5 $1
24. g4 g6 25. g5 $1 Bxg5 26. Nd4 $16) 21... Bf6 22. Bxf6 gxf6 23. Rd6 Rc5 24.
Rxf6 Nd7 25. Ne7+ Kg7 26. Rd6 {Ghitescu,Th-Radulov,I/Bucuresti/1971/1-0 (58)})
19. Qg5 Nxd5 20. Qxd5 Nb6 21. Nf5 $1 gxf5 (21... Nxd5 22. Nh6#) 22. Qe5 Bf6 (
22... f6 23. Qe6+ $18) 23. Qxf6 (23. Rxd8 Bxe5 24. Rxf8+ Kxf8 25. Bxe5 Rc2 $10)
23... Qxf6 24. Bxf6 Rc6 25. Bg5 Kg7 (25... Rc2 26. a4) 26. a4 Re8 27. a5 Nc4
28. Rd5 Re5 (28... Kg6 29. Bf4) 29. Rxe5 Nxe5 30. Bf4 Re6 (30... Nc4 31. a6 Rb6
$14) 31. Rb1 (31. a6 {Cifuentes} Nd3 32. Be3 Nb4 $10) 31... a6 (31... Nc6 32.
Bd2) (31... Nc4 32. Rb5 $14) 32. Rd1 Nc6 33. Rd5 Kg6 34. Rc5 Nd4 35. Kf1 Rc6 (
35... Nf3 36. h4 $14) 36. Rd5 Nc2 37. Bd2 $1 Na3 38. Ke2 Nc4 39. Bc3 Nd6 (39...
Nb6 40. axb6 Rxc3 41. Ra5 Rb3 42. Rxa6 $18) 40. Kd3 Ne4 41. Bd4 f6 $6 (41...
Nd6 $14) 42. g4 $1 Nd6 43. Bc5 Nf7 44. gxf5+ Kg5 (44... Kg7 45. f4 $16) 45. Ke4
h5 (45... Kg4 {Cifuentes} 46. f3+ Kh3 47. Rd7 $1 (47. Be3 Nd6+ (47... Kxh2 48.
Rd7 Ng5+ 49. Bxg5 fxg5 50. Rxh7+ Kg3 51. Rd7 $18) 48. Kd3 Kg2 $1 49. Bd4 (49.
Bf4 Nb5 $132) 49... Kxf3 50. Bxf6 Kg4 51. h3+ Kxh3 52. Be7 Nf7 $10) 47... Rxc5
(47... Ng5+ 48. Kd5 Rc8 49. f4 $18) 48. Rxf7 h5 49. Rxf6 Rxa5 50. Rd6 $1 $18)
46. Be3+ Kg4 47. Rd7 Rc4+ (47... Nd6+ $2 48. Kd5) (47... Ne5 48. Rg7+ Kh3 49.
Kd5 Rc2 50. Rg3+ Kxh2 51. Bf4 $16) 48. Kd5 Ne5 49. Rd6 Ra4 (49... Kxf5 $2 50.
f4 Re4 51. Rxf6+ Kxf6 52. Kxe4 $18) 50. Rxa6 Kxf5 51. Bd4 h4 52. h3 $1 $18 Nd3
(52... Ra3 {Cifuentes} 53. f4 Rd3 54. Rb6 $18) 53. Rxf6+ Kg5 54. a6 (54. Ra6 $4
Nb4+) 54... Nb4+ 55. Ke5 Ra5+ (55... Rxa6 56. f4+ Kh5 57. Rxa6 Nxa6 58. f5 Nb4
{Cifuentes} 59. f6 Kg6 60. Ke6 Nc6 61. Bb6 $18) 56. Ke4 Nxa6 (56... Rxa6 {
Cifuentes} 57. f4+ Kh5 58. Rxa6 Nxa6 59. f5 Nb4 60. Bc3 Nc6 61. Kd5 Nd8 62. Bf6
Nb7 63. Be7 $18) 57. Rc6 $6 (57. f4+ $1 {Cifuentes} Kh5 58. Be3 Nc7 59. f5 Ra4+
60. Kf3 Ra6 61. Rf7 $18) 57... Ra4 (57... Nb4 $4 58. Be3+ Kh5 59. Rh6#) 58. Ke5
Ra5+ 59. Ke4 Ra4 60. f3 Nb8 $8 61. Rd6 Na6 62. f4+ Kh5 63. Kf5 Ra5+ 64. Be5 Nb4
(64... Nc5 65. Rd8 Ra6 66. Bf6 $18) 65. Rd8 Ra6 66. Rh8+ Rh6 67. Rg8 Ra6 68.
Bf6 Ra5+ 69. Ke6 Ra6+ 70. Kf7 Ra7+ 71. Be7 Rxe7+ (71... Kh6 72. Rh8#) 72. Kxe7
Nd5+ 73. Ke6 Nxf4+ 74. Kf5 Nxh3 (74... Ng6 75. Kf6 $1 $18) 75. Rh8# 1-0

[Event "Interpolis-02"]
[Site "Tilburg"]
[Date "1978.09.06"]
[Round "5"]
[White "Ribli, Zoltan"]
[Black "Larsen, Bent"]
[Result "1/2-1/2"]
[WhiteElo "2585"]
[BlackElo "2620"]
[Annotator "Ftacnik,L"]
[PlyCount "82"]
[EventDate "1978.09.01"]
[EventType "tourn"]
[EventRounds "11"]
[EventCountry "NED"]
[EventCategory "14"]
[SourceTitle "MCL"]
[Source "ChessBase"]
[SourceDate "1999.07.01"]
[SourceVersion "1"]
[SourceVersionDate "1999.07.01"]
[SourceQuality "1"]

1. c4 Nf6 2. g3 e6 3. Bg2 d5 4. Nf3 Be7 5. O-O O-O 6. d4 c6 (6... Nbd7) 7. Nbd2
(7. Qc2 Nbd7 8. b3 b6 (8... b5 $5) 9. Rd1 $5 Bb7 (9... Ba6) 10. Nc3 $14 {
Polugaevski-Reshevsky, Lone Pine 1978} Rc8 11. e4 $5 c5 $6 12. exd5 exd5 13.
Bb2 $1 $14) 7... Nbd7 8. Qc2 b6 9. e4 Bb7 10. b3 a5 (10... Rc8 {/\c5}) 11. Bb2
Qb8 12. e5 $5 Ne8 13. h4 g6 14. Rfc1 (14. h5 Ng7 {/\} 15. h6 $2 Nf5 {x h6})
14... Ng7 15. Nf1 dxc4 $5 16. Qxc4 (16. bxc4 $6 c5) 16... c5 17. Ne3 {/\d5,/
\Ng4} cxd4 18. Bxd4 Rd8 19. Rd1 (19. Ng4) 19... h5 20. Rac1 Qa7 21. Qe2 {/\Rc7}
Nc5 22. Ng5 Bxg2 23. Kxg2 Qb7+ 24. Qf3 Qxf3+ 25. Kxf3 Rac8 26. Bxc5 (26. Nc4 $1
) 26... Rxd1 27. Nxd1 Rxc5 28. Rxc5 Bxc5 29. Ne4 Bd4 30. Nf6+ Kf8 31. Ne3 (31.
Ke4 Nf5) 31... Ke7 (31... Bxe5 $4 32. Nd7+) 32. Ke4 Bc5 33. Kd3 {/\Ne4} Nf5 $1
34. Ne4 (34. Nxf5+ $2 exf5 $17) 34... Bxe3 35. fxe3 Kd7 36. a4 Kc7 37. Ke2 Nh6
38. Kd3 Kd7 39. Ng5 Kc6 40. Kc4 Nf5 41. Kd3 Nh6 $1 (41... Nxg3 $2 42. e4 $1)
1/2-1/2